Obligations of Contractor/Client - Statistics

General Stats
  • This quiz has been taken 24 times
    23 since last reset
  • The average score is 8 of 9
Answer Stats
Question Answer % Correct
Construct and complete works in accordance with contract Contractor
100%
Supply and update construction programme Contractor
100%
Comply with health and safety requirements Both
92%
Correct defects in constructed work Contractor
92%
Provide the site Employer
92%
Pay the contractor Employer
92%
Appoint a contract administrator Employer
92%
Ensure site is secure Contractor
62%
Provide insurance Both
46%
No matching quizzes found
Score Distribution
Percent of People with Each Score
Percentile by Number Answered
Your Score History
You have not taken this quiz since the last reset